BIBLIOTECA

SENCICO

De los orígenes de la civilización en el Perú / (Registro nro. 18)

Detalles MARC
000 -LEADER
fixed length control field 01169nam a2200229Ia 4500
003 - CONTROL NUMBER IDENTIFIER
control field PE SENCICO BE
005 - DATE AND TIME OF LATEST TRANSACTION
control field 20251020182422.0
008 - FIXED-LENGTH DATA ELEMENTS--GENERAL INFORMATION
fixed length control field 200515s9999 xx 000 0 und d
040 ## - CATALOGING SOURCE
Original cataloging agency PE SENCICO BE
Transcribing agency PE SENCICO BE
041 ## - LANGUAGE CODE
Language code of text/sound track or separate title spa
082 ## - DEWEY DECIMAL CLASSIFICATION NUMBER
Classification number 985.01
Item number L95
100 1# - MAIN ENTRY--PERSONAL NAME
Personal name Lumbreras Salcedo, Luis Guillermo
9 (RLIN) 2085
Relator term autor
245 10 - TITLE STATEMENT
Title De los orígenes de la civilización en el Perú /
Statement of responsibility, etc. Luis Guillermo Lumbreras Salcedo
260 ## - PUBLICATION, DISTRIBUTION, ETC.
Place of publication, distribution, etc. Lima :
Name of publisher, distributor, etc. Peisa ;
Date of publication, distribution, etc. 1988
300 ## - PHYSICAL DESCRIPTION
Extent 142 p. :
Other physical details il., maps. ;
Dimensions 20 cm.
505 0# - FORMATTED CONTENTS NOTE
Formatted contents note Del hombre y la naturaleza -- De los primeros pobladores -- De los cazadores de guanaco -- De la recolección de la agricultura -- De los campesinos aldeanos -- De los dioses de Chavín -- De los experimentadores -- De los Mochicas -- De los pueblos de Nasca -- De Tiwanaku -- Del imperio Wari -- De la caida de ese imperio -- De los reinos y los señorios Yungas -- De los reinos Aymaras -- Del reino del Cusco -- Del imperio de los inkas -- De la caida del imperio Tawantinsuyo
650 10 - SUBJECT ADDED ENTRY--TOPICAL TERM
Topical term or geographic name entry element Historia
9 (RLIN) 707
650 10 - SUBJECT ADDED ENTRY--TOPICAL TERM
Topical term or geographic name entry element Época prehispánica
9 (RLIN) 1366
650 10 - SUBJECT ADDED ENTRY--TOPICAL TERM
Topical term or geographic name entry element Civilización antigua
9 (RLIN) 2086
651 10 - SUBJECT ADDED ENTRY--GEOGRAPHIC NAME
9 (RLIN) 661
Geographic name Perú
942 ## - ADDED ENTRY ELEMENTS (KOHA)
Koha item type Libros
Source of classification or shelving scheme Dewey Decimal Classification
Existencias
Fecha de la última vez que lo usaron Número de ingreso o de inventario Pago total Signatura topográfica completa Código de barras Precio efectivo desde Tipo de documento Estado perdido Sistema de clasificación Estado dañado No es para préstamo Retirado Ubicación permanente Ubicación actual Fecha de adquisición
15/05/2020 12438   985.01/L95 BibLima24040022 15/05/2020 Libros   Dewey Decimal Classification       Biblioteca Central Lima Biblioteca Central Lima 15/05/2020